000 00722nam a2200265Ia 4500
005 20260121170320.0
008 008 260114s9999 xx 000 0 eng d
020 _a9783319734200
037 _aEBOOK
040 _aCRL
040 _beng
040 _cCRL
041 _2eng
041 _aeng
084 _qCRL
100 _aSamir Mbarki, Mohammed Mourchid, Max Silberztein
_91062403
245 0 _aFormalizing Natural Languages with NooJ and Its Natural Language Processing Applications
260 _bSpringer
260 _bSpringer
260 _c2018
856 _uhttps://link.springer.com/openurl?genre=book&isbn=978-3-319-73420-0
942 _cEBOOK
999 _c1628132
_d1628132